[Event "Mustashe Challenge"]
[Site "http://www.queenalice.com/game.php?id=133801"]
[Date "2006.11.25"]
[Round "-"]
[White "kennethjc"]
[Black "FrEdd"]
[Result "1-0"]
[WhiteElo "1500"]
[BlackElo "1451"]

1. d4 d5 2. e3 e6 3. Nc3 g6 4. f4 Bg7 5. Nf3 Nf6 6. Bd3 O-O 7. b3 c6 8. Ba3 Re8
9. O-O Ng4 10. Re1 Qh4 11. Nxh4 b5 12. Qxg4 f5 13. Qd1 Bf6 14. Nf3 Nd7 15. Bb4
a5 16. Bd6 b4 17. Na4 Be7 18. Bxe7 Rxe7 19. Qc1 Nf6 20. c3 Ba6 21. Bxa6 Rxa6 22.
cxb4 axb4 23. Ne5 Rc7 24. Nc5 Raa7 25. a3 Rab7 26. Nxb7 Rxb7 27. Qxc6 Rb8 28.
axb4 Rxb4 29. Qc7 Ng4 30. Ra8+ 1-0

[Event "Challenge"]
[Site "http://www.queenalice.com/game.php?id=133835"]
[Date "2006.11.26"]
[Round "-"]
[White "kennethjc"]
[Black "FrEdd"]
[Result "1-0"]
[WhiteElo "1676"]
[BlackElo "1408"]

1. d4 d6 2. e4 e5 3. dxe5 dxe5 4. Qxd8+ Kxd8 5. f4 Bb4+ 6. c3 Bd6 7. Nf3 f6 8.
f5 g6 9. g4 Nh6 10. g5 Ng4 11. gxf6 Rf8 12. Ng5 Rxf6 13. Nxh7 Rf7 14. fxg6 Rg7
15. Bg5+ Be7 16. Bxe7+ Kxe7 17. h3 Nf6 18. Nxf6 Kxf6 19. Rg1 Rxg6 20. Rxg6+ Kxg6
21. Bg2 Nd7 22. Nd2 Nc5 23. Kf2 Nd3+ 24. Ke2 Nf4+ 25. Kf3 b6 26. h4 Kh5 27. Rh1
Bg4+ 28. Kg3 Ne2+ 29. Kf2 Rf8+ 30. Nf3 Nd4 31. cxd4 exd4 32. Kg3 c5 33. Ne5 Rg8
34. Bf3 Bxf3+ 35. Kxf3 b5 36. Nd7 c4 37. Nf6+ Kg6 38. Nxg8 d3 39. h5+ Kg7 40.
Rg1+ Kh7 41. Ke3 a5 42. e5 b4 43. e6 c3 44. bxc3 1-0

[Event "Challenge"]
[Site "http://www.queenalice.com/game.php?id=133838"]
[Date "2006.11.26"]
[Round "-"]
[White "kennethjc"]
[Black "hugo10"]
[Result "1-0"]
[WhiteElo "1549"]
[BlackElo "1457"]

1. d4 e6 2. e4 c5 3. Nf3 b6 4. Nc3 a6 5. d5 Ra7 6. Bf4 d6 7. a4 e5 8. Be3 b5 9.
axb5 a5 10. b4 cxb4 11. Bxa7 Nd7 12. Na4 Ndf6 13. Bd3 Qc7 14. b6 Qd7 15. Qe2 Qg4
16. g3 Qh3 17. Kd2 g6 18. Ba6 Nh6 19. Qc4 Nhg4 20. Bxc8 Nxf2 21. Bxh3 Nxh3 22.
b7 Bh6+ 23. Kd3 Nd7 24. Qc8+ Ke7 25. Qxh8 f5 26. Nb6 Nf2+ 27. Kc4 Nxh1 28. Nxd7
Kxd7 29. b8=Q Ke7 30. Qbe8# 1-0

[Event "¬¬"]
[Site "http://www.queenalice.com/game.php?id=134318"]
[Date "2006.11.28"]
[Round "-"]
[White "kennethjc"]
[Black "FrEdd"]
[Result "0-1"]
[WhiteElo "1720"]
[BlackElo "1400"]

1. d4 d5 2. e3 e6 3. f4 f5 4. Nf3 Nf6 5. a3 g6 6. h4 Bh6 7. c3 b6 8. Bb5+ Bd7 9.
Bxd7+ Qxd7 10. Ne5 Qd6 11. Qa4+ c6 12. c4 Nbd7 13. cxd5 Nxd5 14. g3 b5 15. Qa6
Nc7 16. Qxc6 Qxc6 17. Nxc6 Nf6 18. Bd2 Ne4 19. Rg1 a6 20. Bc3 Rc8 21. d5 Nxd5
22. Bxh8 Rxc6 23. Nd2 Nxd2 24. Kxd2 b4 25. Rac1 Rd6 26. Be5 Rd7 27. Rc8+ Kf7 28.
Rh8 Nc3+ 29. Ke1 Rd1+ 30. Kf2 Rd2+ 31. Kf3 Nd1 32. axb4 Rf2# 0-1

[Event "Aquela já perdi mesmo"]
[Site "http://www.queenalice.com/game.php?id=134368"]
[Date "2006.11.28"]
[Round "-"]
[White "kennethjc"]
[Black "VypeR"]
[Result "1-0"]
[WhiteElo "1506"]
[BlackElo "1578"]

1. d4 d5 2. e3 Nc6 3. h3 Nf6 4. Bb5 Bd7 5. c3 a6 6. Bxc6 Bxc6 7. Nf3 g6 8. g4
Bg7 9. Qb3 O-O 10. O-O b5 11. Nbd2 a5 12. Ne5 a4 13. Qb4 Bd7 14. b3 axb3 15.
Nxb3 c6 16. f4 Ne4 17. a4 Bxe5 18. dxe5 Rxa4 19. Rxa4 bxa4 20. Qxa4 Nxc3 21. Qa6
Qa8 22. Qxa8 Rxa8 23. Nc5 Ne2+ 24. Kf2 Ra2 25. Kf3 Nxc1 26. Rxc1 Ra3 27. Nxd7 d4
28. Ke2 dxe3 29. Rxc6 Kg7 30. e6 f6 31. Nb6 h6 32. Rc7 g5 33. Rxe7+ Kg6 34. f5#
1-0

[Event "Te como de jeito IV"]
[Site "http://www.queenalice.com/game.php?id=134670"]
[Date "2006.11.29"]
[Round "-"]
[White "kennethjc"]
[Black "FrEdd"]
[Result "1/2-1/2"]
[WhiteElo "1547"]
[BlackElo "1442"]

1. d4 d5 2. e3 c6 3. g3 g6 4. c4 e6 5. b3 Nf6 6. cxd5 Qxd5 7. f3 Bb4+ 8. Bd2
Bxd2+ 9. Nxd2 O-O 10. Bc4 Qa5 11. Ne2 b5 12. Bd3 Bd7 13. O-O Na6 14. Ne4 Nd5 15.
Kf2 f5 16. Nd2 Ndb4 17. Qb1 c5 18. e4 c4 19. bxc4 Rac8 20. c5 Bc6 21. e5 Nd5 22.
Nf4 Qxd2+ 23. Be2 Qe3+ 24. Ke1 Nxf4 25. gxf4 Qc3+ 26. Kf2 Qxd4+ 27. Kg3 Nxc5 28.
Rd1 Qe3 29. Rd3 Qxe2 30. Qf1 Ne4+ 31. fxe4 Qxe4 32. Re1 Qc4 33. Qe2 Be4 34. Rb3
Qxe2 35. Rxe2 a6 36. Rb4 Rc3+ 37. Kf2 Rf3+ 38. Ke1 Rxf4 39. a4 Rc8 40. axb5 Rc1+
41. Kd2 Rc2+ 42. Ke3 Rf3+ 43. Kd4 Rxe2 44. bxa6 Rd3+ 45. Kc5 Rd5+ 46. Kb6 Rd8
47. Kc7 Ra8 48. Rb6 Ra7+ 49. Kd6 Kf7 50. Kc5 Rc2+ 51. Kb5 Bd3+ 52. Ka5 Ra2+ 53.
Kb4 Bxa6 54. Kc5 Rc2+ 55. Kd4 Rc4+ 56. Ke3 f4+ 57. Kf3 g5 58. Kg4 Kg6 59. Rxe6+
Kf7 60. Rh6 Bc8+ 61. Kxg5 Kg7 62. h4 f3 63. Rf6 Rg4+ 64. Kh5 Ra3 65. e6 Kxf6 66.
Kxg4 Bxe6+ 67. Kh5 Kg7 68. Kg5 f2 69. h5 h6+ 70. Kh4 f1=Q 1/2-1/2

[Event "Challenge"]
[Site "http://www.queenalice.com/game.php?id=135163"]
[Date "2006.11.30"]
[Round "-"]
[White "angelita"]
[Black "kennethjc"]
[Result "0-1"]
[WhiteElo "1178"]
[BlackElo "1575"]

1. e4 e5 2. Bc4 Nf6 3. Qf3 d6 4. d4 Bg4 5. Qa3 d5 6. Qa4+ Qd7 7. Bb5 c6 8. f3
cxb5 9. fxg4 bxa4 10. g5 Nxe4 11. Ne2 Nc6 12. Na3 exd4 13. Nb5 Bb4+ 14. c3 Qf5
15. Nc7+ Kd7 16. cxb4 Kxc7 17. Bf4+ Kd7 18. g3 Nxb4 19. Nxd4 Qh3 20. Rc1 Qg2 21.
Rg1 Qxg1+ 22. Ke2 Qxd4 23. Rd1 Qf2# 0-1

[Event "Challenge"]
[Site "http://www.queenalice.com/game.php?id=136466"]
[Date "2006.12.3"]
[Round "-"]
[White "FrEdd"]
[Black "kennethjc"]
[Result "0-1"]
[WhiteElo "1448"]
[BlackElo "1532"]

1. e4 e5 2. d3 h6 3. Nc3 g5 4. Nf3 Nc6 5. b3 d6 6. Bb2 a5 7. Qd2 g4 8. O-O-O
gxf3 9. gxf3 h5 10. h3 Bh6 11. f4 Bxf4 12. Rg1 Bxd2+ 13. Rxd2 Qh4 14. Nd5 Nd4
15. Nxc7+ Kd7 16. Nxa8 Nf3 17. Nb6+ Kc7 18. Nd5+ Kd7 19. Nb6+ Kd8 20. Rg7 Nxd2
21. Kxd2 Qxf2+ 22. Be2 Qxb6 23. Rxf7 a4 24. Rf8+ Kc7 25. Rf7+ Kc6 26. Rf5 Bxf5
27. exf5 Nf6 28. Bf3+ d5 29. Bxe5 Qf2+ 30. Be2 Re8 31. d4 Ne4+ 32. Kd3 Rg8 33.
c3 Rg1 34. c4 Re1 35. cxd5+ Kxd5 36. f6 Qxe2# 0-1

[Event "Challenge"]
[Site "http://www.queenalice.com/game.php?id=136610"]
[Date "2006.12.3"]
[Round "-"]
[White "dlabedz"]
[Black "kennethjc"]
[Result "0-1"]
[WhiteElo "1313"]
[BlackElo "1606"]

1. d4 d5 2. e3 Nf6 3. Bd3 e6 4. f3 Nc6 5. Na3 b6 6. Bd2 e5 7. e4 Nxd4 8. c3 dxe4
9. fxe4 Nf5 10. Bc4 Bxa3 11. bxa3 Nxe4 12. Nf3 Bb7 13. Qb3 O-O 14. O-O Nxd2 15.
Nxd2 Qxd2 16. Rad1 Qg5 17. Rd7 Ne3 18. Rf2 Bxg2 19. Bxf7+ Kh8 20. h3 Bxh3+ 21.
Kh2 Bxd7 22. Rf3 Qh6+ 23. Rh3 Qxh3+ 0-1

[Event "AUTO-INT-264"]
[Site "http://www.queenalice.com/game.php?id=136617"]
[Date "2006.12.3"]
[Round "1"]
[White "joffly"]
[Black "kennethjc"]
[Result "1-0"]
[WhiteElo "1576"]
[BlackElo "1637"]

1. e4 e5 2. Nf3 d6 3. Bc4 h6 4. d4 b5 5. Bd5 c6 6. Bb3 Bg4 7. dxe5 dxe5 8. Qxd8+
Kxd8 9. Nxe5 Bh5 10. Bxf7 Bd6 11. Nxc6+ Nxc6 12. Bxh5 g5 13. O-O Nf6 14. Be2 a6
15. Rd1 Kc7 16. Be3 Nxe4 17. Nd2 Nxd2 18. Rxd2 Rhe8 19. Rad1 Rad8 20. Bf3 Bb4
21. c3 Be7 22. Bxc6 Kxc6 23. Rxd8 Bxd8 24. g4 a5 25. b4 a4 26. a3 Bf6 27. Bd4
Bxd4 28. cxd4 Re2 29. d5+ Kd6 30. Kg2 Re5 31. Kg3 Rxd5 32. Rxd5+ Kxd5 33. f4 Kc4
34. f5 Kd5 35. h4 gxh4+ 36. Kxh4 Ke5 37. Kh5 Kf4 38. Kxh6 Kxg4 39. Kg6 Kf4 40.
f6 Ke4 41. f7 Kd4 42. f8=Q Kc3 43. Qf3+ Kb2 44. Qd3 Ka2 45. Kf5 Kb2 46. Ke4 Ka2
47. Ke3 Kb2 48. Kd2 Ka1 49. Qc3+ Ka2 50. Kd1 Kb1 51. Qd3+ Kb2 52. Kd2 Ka2 53.
Kc1 Ka1 54. Qc3+ Ka2 55. Qb2# 1-0

[Event "AUTO-INT-264"]
[Site "http://www.queenalice.com/game.php?id=136618"]
[Date "2006.12.3"]
[Round "1"]
[White "kennethjc"]
[Black "joffly"]
[Result "0-1"]
[WhiteElo "1610"]
[BlackElo "1614"]

1. e4 c5 2. c4 Nc6 3. Nf3 d6 4. a3 Nf6 5. d3 Bg4 6. h4 h5 7. Bg5 Bxf3 8. Qxf3 g6
9. Bxf6 exf6 10. Nc3 Nd4 11. Qd1 Bg7 12. Nd5 f5 13. Rb1 b5 14. b4 a6 15. f4 fxe4
16. dxe4 f5 17. Qd3 O-O 18. cxb5 fxe4 19. Qe3 Nc2+ 20. Ke2 Nxe3 21. Kxe3 Bd4+
22. Kxe4 Qe8+ 23. Kd3 Qxb5+ 24. Ke4 Qe8+ 25. Kd3 Qf7 26. Kc4 Rab8 27. Bd3 cxb4
28. axb4 Be3 29. g3 Rb5 30. Kb3 Rxd5 31. Rhd1 Rxd3+ 32. Kc2 Qc4+ 33. Kb2 Bd4#
0-1

[Event "AUTO-INT-264"]
[Site "http://www.queenalice.com/game.php?id=136633"]
[Date "2006.12.3"]
[Round "1"]
[White "TomBishop"]
[Black "kennethjc"]
[Result "0-1"]
[WhiteElo "1303"]
[BlackElo "1587"]

1. e4 e5 2. Nf3 d6 3. Bb5+ c6 4. Ba4 b5 5. Bb3 h6 6. c3 a5 7. d4 f6 8. d5 a4 9.
Bc2 c5 10. b4 axb3 11. Bxb3 f5 12. Nbd2 f4 13. c4 b4 14. a3 Nf6 15. axb4 Rxa1
16. bxc5 dxc5 17. Nxe5 Bd6 18. Nd3 Bg4 19. f3 Bc8 20. O-O Ba6 21. e5 Nxd5 22.
exd6 Ne3 23. Qe2 Qxd6 24. Ne4 Qd4 25. Nexc5 O-O 26. Ne6 Qc3 27. Bxe3 Rxf1+ 28.
Kxf1 Qxb3 29. Nxf8 Bxc4 30. Kf2 Bxd3 31. Qd2 fxe3+ 32. Qxe3 Kxf8 0-1

[Event "AUTO-INT-264"]
[Site "http://www.queenalice.com/game.php?id=136634"]
[Date "2006.12.3"]
[Round "1"]
[White "kennethjc"]
[Black "TomBishop"]
[Result "1-0"]
[WhiteElo "1634"]
[BlackElo "1299"]

1. e4 e5 2. Nf3 Nc6 3. a3 a6 4. c3 d6 5. b4 Bg4 6. b5 axb5 7. Bxb5 Qd7 8. d4 Ra5
9. Bxc6 Qxc6 10. Qd3 d5 11. Nxe5 Qe6 12. exd5 Rxd5 13. Bf4 Bd6 14. O-O Bxe5 15.
Bxe5 Qxe5 16. Qe3 Qxe3 17. fxe3 Bh5 18. c4 Rd6 19. Nc3 Nf6 20. Rab1 b6 21. Nb5
Rd7 22. Rbe1 O-O 23. e4 c6 24. Rf5 cxb5 25. Rxb5 Rxd4 26. e5 Ne8 27. Rxb6 Rxc4
28. h3 Ra4 29. Rc1 Rxa3 30. Rc8 f6 31. e6 Bg4 32. hxg4 Re3 33. Kh2 g5 34. Ra8
Rxe6 35. Rxe6 Nc7 36. Rxf8+ Kxf8 37. Rxf6+ Kg7 38. Rc6 Ne8 39. Kh3 1-0

[Event "AUTO-INT-264"]
[Site "http://www.queenalice.com/game.php?id=136645"]
[Date "2006.12.3"]
[Round "1"]
[White "kennethjc"]
[Black "MadScot"]
[Result "0-1"]
[WhiteElo "1572"]
[BlackElo "1637"]

1. e4 c6 2. d4 d5 3. e5 Na6 4. Bxa6 Qa5+ 5. c3 Qxa6 6. Nd2 Bf5 7. h3 e6 8. b4 b6
9. Ne2 c5 10. Nf4 cxd4 11. cxd4 Bxb4 12. g4 Bd3 13. Nxd3 Qxd3 14. Qe2 Qxe2+ 15.
Kxe2 Bc3 16. Rb1 Bxd4 17. f4 Ne7 18. Bb2 Bxb2 19. Rxb2 Nc6 20. Rc1 Kd7 21. Ke3
Rac8 22. a4 Rc7 23. Rf1 Rhc8 24. f5 Nxe5 25. Kd4 Kd6 26. Rb5 Nc4 27. Nb3 e5+ 28.
Kd3 Na3 29. Rb4 Rc6 30. f6 g6 31. a5 bxa5 32. Rb7 Rc3+ 33. Ke2 Rc2+ 34. Kf3
R8c3# 0-1

[Event "AUTO-INT-264"]
[Site "http://www.queenalice.com/game.php?id=136646"]
[Date "2006.12.3"]
[Round "1"]
[White "MadScot"]
[Black "kennethjc"]
[Result "1-0"]
[WhiteElo "1650"]
[BlackElo "1535"]

1. d4 d5 2. c4 dxc4 3. e4 b5 4. Nc3 c6 5. Nf3 f6 6. a4 b4 7. Na2 b3 8. Nc3 Ba6
9. Bf4 e5 10. dxe5 Bb4 11. Qxd8+ Kxd8 12. exf6 Nxf6 13. Nd2 Ng4 14. Bxc4 Rf8 15.
Bg3 Bxc4 16. Nxc4 h5 17. O-O Na6 18. Bd6 Rf7 19. Bxb4 Nxb4 20. Rad1+ Ke7 21. f3
Nf6 22. Nd2 Rb8 23. Rc1 Na2 24. Ra1 Nxc3 25. bxc3 b2 26. Rab1 g5 27. Rf2 Ke6 28.
Nc4 Rb3 29. Rc2 g4 30. Rbxb2 Rxb2 31. Rxb2 gxf3 32. gxf3 Rg7+ 33. Kf2 h4 34. Ke3
h3 35. Na5 Rg2 36. Rxg2 hxg2 37. Kf2 Kd6 38. Kxg2 Kc5 39. e5 Nd5 40. c4 Nc3 41.
f4 Nxa4 42. f5 Nb6 43. f6 Nd7 44. f7 Nf8 45. e6 Kd6 46. Nxc6 Kxe6 47. Nxa7 Kxf7
48. Kf3 Ne6 49. Nc6 Nc5 50. Ne5+ Ke6 51. Kf4 Kd6 52. h4 Ke7 53. Kf5 Kf8 54. h5
Kg7 55. Kg5 Ne4+ 56. Kf4 Nf6 57. Kg5 Nh7+ 58. Kh4 Kh6 59. c5 Nf6 60. Ng4+ Nxg4
61. Kxg4 Kg7 62. c6 Kf7 63. c7 Ke7 64. c8=Q Kf6 65. Qf5+ Kg7 66. Kg5 Kg8 67. Qd7
Kh8 68. h6 Kg8 69. Qg7# 1-0

[Event "Challenge"]
[Site "http://www.queenalice.com/game.php?id=136940"]
[Date "2006.12.4"]
[Round "-"]
[White "VypeR"]
[Black "kennethjc"]
[Result "0-1"]
[WhiteElo "1620"]
[BlackElo "1575"]

1. e4 e5 2. Nf3 f6 3. Nc3 d6 4. Bc4 c6 5. Bxg8 Rxg8 6. d4 d5 7. dxe5 Bg4 8. exf6
Qxf6 9. exd5 Bxf3 10. Qxf3 Qxf3 11. gxf3 Bb4 12. dxc6 bxc6 13. O-O Bxc3 14. bxc3
Nd7 15. Re1+ Kd8 16. Bg5+ Kc8 17. a4 Nc5 18. Be7 Nd7 19. f4 Nf6 20. Re6 Re8 21.
Rae1 Kd7 22. f5 Nd5 23. Rd6+ Kc7 24. Rxd5 cxd5 25. Kf1 Kd7 26. Bc5 Rxe1+ 27.
Kxe1 a6 28. Ke2 Rc8 29. Bb4 Rc4 30. Kd3 Kc6 31. Ba3 Rxa4 32. Bf8 Rf4 33. Bxg7
Rxf5 34. Bd4 Rg5 35. f4 Rg4 36. f5 a5 37. f6 Rf4 38. Be5 Rf1 39. Kd4 a4 40. Kd3
Kd7 41. Ke2 Rf5 42. Bd4 Ke6 43. Kd1 Rh5 44. f7 Kxf7 45. Bg1 Rh3 46. Bd4 Rxh2 47.
Kc1 h5 48. Kb2 h4 49. Ka3 Rxc2 50. Kxa4 Ke6 51. Kb3 Rd2 52. Bb6 Ke5 53. c4 d4
54. c5 Kd5 55. Kb4 Rb2+ 56. Ka5 h3 57. c6 h2 58. c7 h1=Q 59. c8=Q Qa1# 0-1

[Event "Challenge"]
[Site "http://www.queenalice.com/game.php?id=138231"]
[Date "2006.12.7"]
[Round "-"]
[White "AAmorim"]
[Black "kennethjc"]
[Result "1-0"]
[WhiteElo "1614"]
[BlackElo "1602"]

1. e4 e6 2. d4 d6 3. Nf3 d5 4. Nc3 g6 5. exd5 exd5 6. Qe2+ Qe7 7. Nxd5 Qxe2+ 8.
Bxe2 Bg7 9. Nxc7+ Kd8 10. Nxa8 Nc6 11. c3 b6 12. Bf4 Nge7 13. O-O-O Be6 14. c4
Nb4 15. a3 Na6 16. c5 Bb3 17. Rd2 Bd5 18. Bxa6 Bxa8 19. cxb6 axb6 20. Ne5 Rf8
21. f3 h6 22. Bb5 Nd5 23. g3 Nxf4 24. gxf4 Kc7 25. d5 Kd6 26. Nd7 Rc8+ 27. Kb1
Rh8 28. Nxb6 Bb7 29. Nc4+ Kc5 30. a4 Bxd5 31. Ne5 Bxe5 32. fxe5 Bxf3 33. Rc1+
Kb6 34. Rdc2 Be4 35. Rf1 Bxc2+ 36. Kxc2 Rh7 37. Bc4 f5 38. b4 Re7 39. a5+ Ka7
40. e6 Kb7 41. a6+ Ka7 42. b5 Kb6 43. Kd3 1-0

[Event "Challenge"]
[Site "http://www.queenalice.com/game.php?id=138372"]
[Date "2006.12.7"]
[Round "-"]
[White "kennethjc"]
[Black "tetive"]
[Result "0-1"]
[WhiteElo "1586"]
[BlackElo "1564"]

1. e4 d5 2. Nc3 Nf6 3. d3 g6 4. Bf4 Bg7 5. Be5 Bg4 6. f3 Be6 7. Nge2 Nc6 8. Bf4
O-O 9. g4 h6 10. Nb5 a6 11. Nxc7 Rc8 12. Nxe6 fxe6 13. Bh3 Nb4 14. g5 Nxc2+ 15.
Kf1 Nxa1 16. Bxe6+ Kh8 17. Bxc8 Qxc8 18. Qxa1 Qh3+ 19. Kf2 Nh5 20. Qf1 Qc8 21.
gxh6 Bxb2 22. Qg2 Nxf4 23. Nxf4 Rxf4 24. Qxg6 Bd4+ 25. Kg3 Be5 26. Rg1 Rf6+ 27.
Kf2 Rxg6 28. Rxg6 Kh7 29. Rb6 Qc5+ 30. Kg2 Qxb6 0-1

[Event "Challenge"]
[Site "http://www.queenalice.com/game.php?id=138575"]
[Date "2006.12.8"]
[Round "-"]
[White "kennethjc"]
[Black "MickeyD"]
[Result "0-1"]
[WhiteElo "1569"]
[BlackElo "1728"]

1. e4 e5 2. d3 Nf6 3. Nc3 Bb4 4. Bd2 Nc6 5. Nce2 Bc5 6. c3 d6 7. h3 Be6 8. b3 a5
9. g4 h6 10. Bg2 Qd7 11. d4 exd4 12. cxd4 Nxd4 13. e5 Nd5 14. Nf3 Nxf3+ 15. Bxf3
dxe5 16. Be4 c6 17. O-O f5 18. gxf5 Bxf5 19. Bxd5 Qxd5 20. Be3 Bxe3 21. Qxd5
cxd5 22. fxe3 O-O 23. Kh2 Bd3 0-1

[Event "Challenge"]
[Site "http://www.queenalice.com/game.php?id=139123"]
[Date "2006.12.9"]
[Round "-"]
[White "VypeR"]
[Black "kennethjc"]
[Result "1-0"]
[WhiteElo "1620"]
[BlackElo "1607"]

1. e4 e5 2. Nf3 d6 3. Nc3 f5 4. d3 f4 5. d4 Nd7 6. d5 a6 7. b4 c6 8. a4 Qc7 9.
Bd2 Qb6 10. a5 Qxb4 11. dxc6 bxc6 12. Qb1 Qxb1+ 13. Rxb1 Ngf6 14. Na4 Rb8 15.
Rxb8 Nxb8 16. Nb6 Bg4 17. Be2 d5 18. Nxe5 Bxe2 19. Kxe2 Nxe4 20. Bxf4 Nc3+ 21.
Kd3 Bb4 22. Bd2 Bxa5 23. Bxc3 Bxc3 24. Kxc3 Ke7 25. Re1 Kd6 26. Nf7+ Kc5 27.
Nxh8 Kxb6 28. Re7 Kb5 29. Rb7+ Ka4 30. Rxb8 g5 31. Nf7 g4 32. Nd6 h5 33. Rb4+
Ka5 34. Nb7# 1-0

[Event "Challenge"]
[Site "http://www.queenalice.com/game.php?id=139156"]
[Date "2006.12.9"]
[Round "-"]
[White "kennethjc"]
[Black "VypeR"]
[Result "1-0"]
[WhiteElo "1581"]
[BlackElo "1652"]

1. e3 d5 2. a4 e5 3. c4 Nf6 4. b3 dxc4 5. Bxc4 Be6 6. Bxe6 fxe6 7. Ba3 Bxa3 8.
Nxa3 Nc6 9. d3 e4 10. d4 Nb4 11. f3 c5 12. dxc5 Qxd1+ 13. Kxd1 Rd8+ 14. Ke2
exf3+ 15. Nxf3 Rd5 16. Rac1 Na6 17. Nb5 Nxc5 18. Nc7+ Kd7 19. Nxd5 Nxb3 20.
Nxf6+ Kd6 21. Rcd1+ Ke7 22. Ne4 b6 23. Rb1 Nc5 24. Nxc5 bxc5 25. Rb7+ Kf6 26.
Rc7 Rb8 27. Rxc5 Rb2+ 28. Nd2 e5 29. Rb1 Ra2 30. Ra5 h5 31. Rxa7 g5 32. g3 Kf5
33. Rf1+ Kg4 34. e4 Kh3 35. Rh1 Kg2 36. Rf1 Kxh2 37. Rg7 g4 38. Rh7 Kxg3 39.
Rxh5 Rxa4 40. Rfh1 Ra3 41. Rxe5 Kf4 42. Re8 g3 43. Rg1 Re3+ 44. Kd1 Ra3 45. Ke2
Re3+ 46. Kd1 Ra3 47. Nb1 Ra1 48. Kc1 Kf3 49. Kb2 Ra5 50. Rg8 Rb5+ 51. Kc2 Rc5+
52. Nc3 Rh5 53. R8xg3+ Kf2 54. Rg5 Rh3 55. e5 Re3 56. Nd1+ Kf3 57. Nxe3 Kxe3 58.
e6 Kf4 59. Ra5 Ke4 60. Rd1 Ke3 61. Ra4 Ke2 62. Ra3 Kf2 63. Rd2+ Ke1 64. Ra1# 1-0

[Event "Challenge"]
[Site "http://www.queenalice.com/game.php?id=139332"]
[Date "2006.12.10"]
[Round "-"]
[White "kennethjc"]
[Black "VypeR"]
[Result "0-1"]
[WhiteElo "1617"]
[BlackElo "1642"]

1. e3 e5 2. Nf3 e4 3. Ne5 d5 4. Nc3 Nf6 5. f3 exf3 6. Qxf3 d4 7. Ne4 dxe3 8.
Qxe3 Nxe4 9. Qxe4 Qe7 10. d3 Qb4+ 11. Qxb4 Bxb4+ 0-1

[Event "Challenge"]
[Site "http://www.queenalice.com/game.php?id=140248"]
[Date "2006.12.12"]
[Round "-"]
[White "amadeuswags"]
[Black "kennethjc"]
[Result "0-1"]
[WhiteElo "1700"]
[BlackElo "1611"]

1. e4 e5 2. Nf3 d6 3. Nc3 Nf6 4. d4 Ng4 5. dxe5 dxe5 6. Nd5 Bc5 7. Bg5 f6 8.
Bb5+ c6 9. Ba4 Nxf2 10. Qe2 Nxh1 11. O-O-O Kf7 12. Bb3 Be6 13. Nxf6 Qc7 14. Nh5
Nf2 15. Be3 Nxe4 16. Rf1 h6 17. Nxe5+ Ke7 18. Rf4 Qxe5 19. Qf3 Bxe3+ 20. Qxe3
Bd5 21. Qf3 Kd6 22. Rf5 Qxh2 23. Qd3 Qg1+ 24. Rf1 Qc5 25. c4 Na6 26. a3 Raf8 27.
Nf4 b5 28. Kb1 bxc4 29. Bxc4 Qxc4 30. Rc1 Qxd3+ 31. Nxd3 Nec5 32. b4 Nxd3 33.
Rd1 Be4 34. Rxd3+ Bxd3+ 35. Kc1 Rf2 36. Kd1 Re8 37. b5 Ree2 38. bxa6 Rf1# 0-1